Banderas de países con 4 letras - Estadísticas

Estadísticas generales
  • Esta prueba ha sido intentada 6.656 veces
  • La puntuación promedio es 8 de 10
Estadísticas de respuestas
Imagen Respuesta % Correcto
Cuba
99%
Perú
95%
Irak
93%
Irán
92%
Laos
84%
Fiyi
79%
Chad
77%
Malí
76%
Togo
73%
Omán
71%
No se encontraron pruebas coincidentes
Distribución de puntuación
Porcentaje de gente con cada puntuación
Porcentaje por número respondido
Historial de tus puntuaciones
No has intentado esta prueba.